One World Two Realities: Perception differences between software developers and testers / (Record no. 361744)
[ view plain ]
| 000 -LEADER | |
|---|---|
| fixed length control field | 00644nam a2200181Ia 4500 |
| 008 - FIXED-LENGTH DATA ELEMENTS--GENERAL INFORMATION | |
| fixed length control field | 190427s9999 xx 000 0 und d |
| 100 ## - MAIN ENTRY--PERSONAL NAME | |
| Personal name | Zhang Xihui "Paul" |
| 245 ## - TITLE STATEMENT | |
| Title | One World Two Realities: Perception differences between software developers and testers / |
| 245 ## - TITLE STATEMENT | |
| Statement of responsibility, etc | Xihui "Paul" Zhang, David Nickels, Robin Poston and Jasbir Dhaliwal.-- |
| 260 ## - PUBLICATION, DISTRIBUTION, ETC. (IMPRINT) | |
| Name of publisher, distributor, etc | Taylor and Francis Group |
| 260 ## - PUBLICATION, DISTRIBUTION, ETC. (IMPRINT) | |
| Date of publication, distribution, etc | 2018 |
| 300 ## - PHYSICAL DESCRIPTION | |
| Extent | pages 385-392, 2018 |
| 440 ## - SERIES STATEMENT/ADDED ENTRY--TITLE | |
| Title | Journal of Computer Inforamation System |
| Volume number/sequential designation | 58(4) |
| 650 ## - SUBJECT ADDED ENTRY--TOPICAL TERM | |
| Topical term or geographic name as entry element | Perception Differences |
| 650 ## - SUBJECT ADDED ENTRY--TOPICAL TERM | |
| Topical term or geographic name as entry element | Software developers |
| 650 ## - SUBJECT ADDED ENTRY--TOPICAL TERM | |
| Topical term or geographic name as entry element | Software Developers |
| 650 ## - SUBJECT ADDED ENTRY--TOPICAL TERM | |
| Topical term or geographic name as entry element | Software Testers |
| Withdrawn status | Lost status | Damaged status | Home library | Current library | Date acquired | Total Checkouts | Date last seen | Price effective from | Koha item type |
|---|---|---|---|---|---|---|---|---|---|
| College Library | College Library | 04/27/2019 | 04/27/2019 | 04/27/2019 | Periodicals |